000 00497nam a2200181 4500
001 132356
003 ES-MaACL
005 20240531062944.0
007 t|
008 070214s1957 sp r ||||1| spa d
100 1 _aRomero Pérez, Luis,
_d1916-2009
_999338
245 1 0 _aTudá (Allá) /
_cLuis Romero.
250 _a1ª ed.
260 _aBarcelona :
_bAcervo,
_c1957.
300 _a304 p., 10 lám. ;
_c20 cm.
852 _aES-MaACL
_jC-14500
_bR.40580
999 _c132356
_d132356